5HLuxD.jpg

KING HENRY VIII SENIOR AND PRIMARY SCHOOL LIBRARY OPAC

Eerie tales from the School of Screams / (Record no. 5195)

000 -LEADER
fixed length control field 01505nam a2200349 i 4500
001 - CONTROL NUMBER
control field on1389908983
003 - CONTROL NUMBER IDENTIFIER
control field OCoLC
005 - DATE AND TIME OF LATEST TRANSACTION
control field 20250825095147.0
008 - FIXED-LENGTH DATA ELEMENTS--GENERAL INFORMATION
fixed length control field 230823s2023 nyua j 6 000 1 eng d
020 ## - INTERNATIONAL STANDARD BOOK NUMBER
International Standard Book Number 9781250195036
040 ## - CATALOGING SOURCE
Original cataloging agency SDG
Language of cataloging eng
Description conventions rda
Transcribing agency SDG
Modifying agency JCX
-- FMG
-- CHILD
-- ORX
-- JQF
-- RNL
-- JQW
-- OCLCQ
-- INR
-- CNCAR
-- CaOL
-- KH8
082 ## - DEWEY DECIMAL CLASSIFICATION NUMBER
Classification number FIC ANN
100 1# - MAIN ENTRY--PERSONAL NAME
Personal name Annable, Graham,
Relator term author,
-- illustrator.
245 10 - TITLE STATEMENT
Title Eerie tales from the School of Screams /
Statement of responsibility, etc. Graham Annable.
246 30 - VARYING FORM OF TITLE
Title proper/short title Tales from the School of Screams.
246 30 - VARYING FORM OF TITLE
Title proper/short title School of Screams.
264 #1 - PRODUCTION, PUBLICATION, DISTRIBUTION, MANUFACTURE, AND COPYRIGHT NOTICE
Place of production, publication, distribution, manufacture New York :
Name of producer, publisher, distributor, manufacturer First Second,
Date of production, publication, distribution, manufacture, or copyright notice 2023.
264 #4 - PRODUCTION, PUBLICATION, DISTRIBUTION, MANUFACTURE, AND COPYRIGHT NOTICE
Date of production, publication, distribution, manufacture, or copyright notice ©2023.
300 ## - PHYSICAL DESCRIPTION
Extent 360 pages :
Other physical details colour illustrations ;
Dimensions 23 cm.
336 ## - CONTENT TYPE
Content type term text
Content type code txt
Source rdacontent.
336 ## - CONTENT TYPE
Content type term still image
Content type code sti
Source rdacontent.
337 ## - MEDIA TYPE
Media type term unmediated
Media type code n
Source rdamedia.
338 ## - CARRIER TYPE
Carrier type term volume
Carrier type code nc
Source rdacarrier.
520 ## - SUMMARY, ETC.
Summary, etc. "School is tough. School is scary. School is EERIE. No one knows this better than Davis and Emily. But they're not scared of school because of tough tests or merciless vice-principals. No, they're scared because their teacher wants her students to present the class with the spookiest, most chilling stories they can think of"--Provided by publisher.
586 ## - AWARDS NOTE
Awards note Silver Birch Fiction nominee, 2025.
650 #0 - SUBJECT ADDED ENTRY--TOPICAL TERM
Topical term or geographic name entry element Schools
Form subdivision Juvenile fiction.
650 #0 - SUBJECT ADDED ENTRY--TOPICAL TERM
Topical term or geographic name entry element Storytelling
Form subdivision Juvenile fiction.
650 #0 - SUBJECT ADDED ENTRY--TOPICAL TERM
Topical term or geographic name entry element Siblings
Form subdivision Juvenile fiction.
650 #0 - SUBJECT ADDED ENTRY--TOPICAL TERM
Topical term or geographic name entry element Horror comics.
Source of heading or term genre.
650 #0 - SUBJECT ADDED ENTRY--TOPICAL TERM
Topical term or geographic name entry element Graphic novels.
Source of heading or term genre.
942 ## - ADDED ENTRY ELEMENTS (KOHA)
Source of classification or shelving scheme
Koha item type Graphic Novel
Holdings
Withdrawn status Lost status Source of classification or shelving scheme Damaged status Not for loan Collection code Permanent Location Current Location Shelving location Date acquired Total Checkouts Full call number Barcode Date last seen Date last checked out Price effective from Koha item type
          Fiction KH8 Senior School Library KH8 Senior School Library Graphic Novel 2025-08-25 1 FIC ANN 3KHSL000102322 2026-01-09 2025-12-04 2025-08-25 Graphic Novel

Powered By KH8 IT Dept